Schaum’s outline of theory and problems of combinatorics / (Record no. 22433)

MARC details
000 -LEADER
fixed length control field 01515cam a22003735i 4500
001 - CONTROL NUMBER
control field 653303
003 - CONTROL NUMBER IDENTIFIER
control field EG-ScBUE
005 - DATE AND TIME OF LATEST TRANSACTION
control field 20250315115120.0
008 - FIXED-LENGTH DATA ELEMENTS--GENERAL INFORMATION
fixed length control field 940630t1995 nyua frd 001 0 eng d
020 ## - INTERNATIONAL STANDARD BOOK NUMBER
International Standard Book Number 007003575X
020 ## - INTERNATIONAL STANDARD BOOK NUMBER
International Standard Book Number 9780070035751
040 ## - CATALOGING SOURCE
Original cataloging agency EG-ScBUE
Language of cataloging eng
Description conventions rda
Transcribing agency EG-ScBUE
Modifying agency EG-ScBUE
082 04 - DEWEY DECIMAL CLASSIFICATION NUMBER
Classification number 511.6076
Item number BAL
Edition number 22
100 1# - MAIN ENTRY--PERSONAL NAME
Personal name Balakrishnan, V. K.,
Dates associated with a name 1931-,
9 (RLIN) 41286
Relator term author.
245 10 - TITLE STATEMENT
Title Schaum’s outline of theory and problems of combinatorics /
Statement of responsibility, etc V. K. Balakrishnan, Ph.D., professor of mathematics, university of Maine, Orono, Maine.
246 30 - VARYING FORM OF TITLE
Title proper/short title Theory and problems of combinatorics
246 30 - VARYING FORM OF TITLE
Title proper/short title Combinatorics
264 #1 - PUBLICATION, DISTRIBUTION, ETC. (IMPRINT)
Place of publication, distribution, etc New York :
Name of publisher, distributor, etc McGraw-Hill, Inc.,
Date of publication, distribution, etc [1995]
264 #4 - PUBLICATION, DISTRIBUTION, ETC. (IMPRINT)
Date of publication, distribution, etc c1995
300 ## - PHYSICAL DESCRIPTION
Extent viii, 200 pages :
Other physical details illustrations ;
Dimensions 29 cm.
336 ## - CONTENT TYPE
Source rdacontent
Content type term text
Content type code txt
337 ## - MEDIA TYPE
Media type term unmediated
Source rdamedia
Media type code n
338 ## - CARRIER TYPE
Carrier type term volume
Carrier type code nc
Source rdacarrier
490 0# - SERIES STATEMENT
Series statement Schaum’s outline series
500 ## - GENERAL NOTE
General note Includes index.<br/>
500 ## - GENERAL NOTE
General note Includes glossary.
500 ## - GENERAL NOTE
General note Includes appendix.<br/>
650 #7 - SUBJECT ADDED ENTRY--TOPICAL TERM
Topical term or geographic name as entry element Combinatorial analysis
Form subdivision Outlines, syllabi, etc.
Source of heading or term BUEsh
9 (RLIN) 41287
650 #7 - SUBJECT ADDED ENTRY--TOPICAL TERM
Topical term or geographic name as entry element Combinatorial analysis
Form subdivision Problems, exercises, etc.
Source of heading or term BUEsh
9 (RLIN) 41288
856 42 - ELECTRONIC LOCATION AND ACCESS
Materials specified Publisher description
Uniform Resource Identifier <a href="http://www.loc.gov/catdir/description/mh031/94026728.html">http://www.loc.gov/catdir/description/mh031/94026728.html</a>
856 41 - ELECTRONIC LOCATION AND ACCESS
Materials specified Table of contents
Uniform Resource Identifier <a href="http://www.loc.gov/catdir/toc/mh022/94026728.html">http://www.loc.gov/catdir/toc/mh022/94026728.html</a>
856 42 - ELECTRONIC LOCATION AND ACCESS
Materials specified Contributor biographical information
Uniform Resource Identifier <a href="http://www.loc.gov/catdir/enhancements/fy1012/94026728-b.html">http://www.loc.gov/catdir/enhancements/fy1012/94026728-b.html</a>
942 ## - ADDED ENTRY ELEMENTS (KOHA)
Source of classification or shelving scheme Dewey Decimal Classification
Koha item type Book - Borrowing
Holdings
Withdrawn status Lost status Source of classification or shelving scheme Damaged status Not for loan Collection code Home library Current library Shelving location Date acquired Source of acquisition Total Checkouts Total Renewals Full call number Barcode Date last seen Date checked out Cost, replacement price Price effective from Koha item type Cost, normal purchase price
    Dewey Decimal Classification     Baccah Central Library Central Library First floor 06/01/2017 Purchase 2 1 511.6 BAL 000004644 15/07/2025 02/10/2014 120.00 17/01/2006 Book - Borrowing  
    Dewey Decimal Classification     Baccah Central Library Central Library First floor 29/09/2016 Purchase     511.6076 BAL 000033749 15/07/2025       Book - Borrowing 280.00